| 000 | 01002nam a22002657a 4500 | ||
|---|---|---|---|
| 999 |
_c6827 _d6827 |
||
| 003 | AR-CdUCM | ||
| 008 | 190319b ||||| |||| 00| 0 spa d | ||
| 040 |
_aMUNICIPALIDAD PROVINCIAL DEL CUSCO _cBIBLIOTECA MUNICIPAL DEL CUSCO |
||
| 041 | _heng | ||
| 082 |
_a508 / _bM58 |
||
| 100 |
_aMiller, Austin A. _919237 |
||
| 245 | _aLa piel de la tierra / | ||
| 260 |
_aMadrid : _bAlhambra, _c1970. |
||
| 300 |
_a249 páginas ; _c20 cm. _bIlustraciones, |
||
| 440 |
_aExedra - Ciencia técnica ingeniería _n64 _919238 |
||
| 500 | _aTitulo original: The skin of the earth | ||
| 505 | _aAnatomía topográfica -- Estructura de la piel: el mapa geológico -- Morfología de la superficie: el mapa en relieve -- Los sistemas circulatorios -- El aire: su movimiento y estado físico ... | ||
| 650 |
_aGeología _917044 |
||
| 650 |
_aTopografía _919239 |
||
| 650 |
_aHidrografía _96357 |
||
| 700 |
_aVega, Inocencio _919240 |
||
| 700 |
_aRíos, José María _919241 |
||
| 942 |
_2ddc _cLIBROS |
||
| 945 | _aacv | ||